[Event "SLO-ch U18"]
[Site "Kranj"]
[Date "1996.??.??"]
[Round "2"]
[White "Ivec, M."]
[Black "Pavlovic, Zeljko"]
[Result "1-0"]
[WhiteElo "1830"]
[BlackElo "1910"]
[PlyCount "63"]
[EventDate "1996.??.??"]
[EventType "swiss"]
[EventRounds "9"]
[EventCountry "SLO"]
[SourceTitle "EXT 1998"]
[Source "ChessBase"]
[SourceDate "1997.11.17"]
[SourceVersion "1"]
[SourceVersionDate "1997.11.17"]
[SourceQuality "1"]

1. d4 Nf6 2. c4 g6 3. Nc3 d5 4. Bg5 Ne4 5. Bf4 Nxc3 6. bxc3 Bg7 7. e3 c5 8. Nf3 Nc6 9. Qb3 cxd4 10. cxd4 Qa5+ 11. Nd2 dxc4 12. Bxc4 0-0 13. Rd1 e5 14. dxe5 Nxe5 15. Bxe5 Qxe5 16. 0-0 Bg4 17. f3 Be6 18. Bxe6 fxe6 19. Ne4 Bh6 20. Rd6 Rfe8 21. Qxb7 Bxe3+ 22. Kh1 Rab8 23. Qc6 Rbc8 24. Qd7 Qf5 25. Re1 Bb6 26. Ng3 Qf7 27. Qxf7+ Kxf7 28. Ne4 h6 29. Rd7+ Re7 30. Nd6+ Kf8 31. Rxe7 Rd8 32. R7xe6 1-0